| 000 | 01594nac a22005777a 4500 | ||
|---|---|---|---|
| 001 | BR2017001310 | ||
| 003 | BR-BrBNA | ||
| 005 | 20240105124043.0 | ||
| 008 | 230509b bl.|||m| |||| 00| 0 por d | ||
| 040 |
_aBR-BrBNA _bpor _cBiblioteca Nacional de Agricultura |
||
| 072 | _aF01 | ||
| 090 | _a0810 BR2017001310 | ||
| 100 | 1 | _aSalviano, A.M. | |
| 100 | 1 | _aFaria, C.M.B. de | |
| 100 | 1 | _aTerao, D. | |
| 100 | 1 | _aSilva, D.J. | |
| 100 | 1 | _aBatista, D. da C. | |
| 100 | 1 | _aMoreira, F.R.B. | |
| 100 | 1 | _aResende, G.M. de | |
| 100 | 1 | _aYuri, J.E. | |
| 100 | 1 | _aAlencar, J.A. de | |
| 100 | 1 | _aOliveira, J.E. de M. | |
| 100 | 1 | _aAraújo, J.L.P. | |
| 100 | 1 | _aPinto, J.M. | |
| 100 | 1 | _aGrangeiro, L.C. | |
| 100 | 1 | _aKiill, L.H.P. | |
| 100 | 1 | _aLima, M.A.C. de | |
| 100 | 1 | _aSilva, M.S.L. | |
| 100 | 1 | _aLima, M.F. | |
| 100 | 1 | _aCosta, N.D. | |
| 100 | 1 | _aRibeiro Júnior, P.M. | |
| 100 | 1 | _aDias, R. de C.S. | |
| 100 | 1 | _aTavares, S.C.C. de H. | |
| 100 | 1 | _aCosta-Lima, T.C. da | |
| 100 | 1 | _aCunha, T.J.F. | |
| 110 | 1 |
_aEMBRAPA Semiárido, Petrolina, PE (Brasil) _93727 |
|
| 245 | 1 | _aA cultura do melão | |
| 250 | 1 | _a3. ed. | |
| 260 | 3 |
_aBrasília, DF (Brasil): _bEMBRAPA Informação Tecnológica, _c2017. |
|
| 300 | _a202 p. | ||
| 490 |
_aColeção Plantar (Brazil) _vno. 76 _x |
||
| 500 | _a13 tables; 27 illus.; 30 ref. | ||
| 650 | _aMELÃO | ||
| 650 | _aSOLO | ||
| 650 | _aPLANTIO | ||
| 650 | _aVARIEDADE | ||
| 650 | _aPÓS-COLHEITA | ||
| 650 | _aCOMÉRCIO | ||
| 909 |
_a202312 _bLúcia Elande _c55 _dLúcia Elande |
||
| 942 |
_2AGRIS _n0 _cMS |
||
| 999 |
_c298169 _d298169 |
||